Advances in Databases and Information Systems : 22nd European Conference, ADBIS 2018 /

Salvato in:
Dettagli Bibliografici
Ente Autore: ADBIS 2018 Budapešť, Maďarsko (New Trends in Databases and Information Systems)
Altri autori: Benczúr, András (Redattore), Thalheim, Bernhard (Redattore), Horváth, Tomáš (Redattore)
Natura: Atti del Convegno Libro
Lingua:inglese
Pubblicazione: Springer 2018
Tags: Aggiungi Tag
Nessun Tag, puoi essere il primo ad aggiungerne!!

MARC

LEADER 00000nam a22000003a 4500
001 0075619
003 SK-STU
005 20190920164906.1
007 ta
008 190911s ----xo-----e------100-0-----d
020 |a 978-3-319-98397-4 
022 |a 0302-9743 
040 |a STU  |b slo 
041 0 |a eng 
100 1 |a Benczúr, András  |4 edt 
111 2 |a ADBIS 2018  |d 2. - 5. 9. 2018  |c Budapešť, Maďarsko  |e New Trends in Databases and Information Systems  |n 22 
245 1 0 |a Advances in Databases and Information Systems :  |h Proceedings  |b 22nd European Conference, ADBIS 2018 /  |c ed. András Benczúr ; ed. Bernhard Thalheim, Tomáš Horváth 
260 |b Springer   |c 2018 
300 |a 290 s. 
700 1 |a Thalheim, Bernhard  |4 edt 
700 1 |a Horváth, Tomáš  |4 edt 
996 |c I*Z13468  |l I  |s A  |a 24  |w 0075619_0001 
996 |c I*Z12926  |l I  |s A  |a 24  |w 0075619_0002